Представление документа в формате MARC21

ПолеНазваниеЗначение
  Тип записи a
  Библиографический уровень m
001 Контрольный номер RU/URAIT/565677
005 Дата корректировки 20260429163651.2
008 Кодируемые данные 260429s2025 RU y f j 000 0 rus u
020 Индекс ISBN __
a ISBN 978-5-534-12809-3
c Цена, тираж 2039.00
040 Источник каталогиз. __
a Служба первич. каталог. ИКО Юрайт
c Служба, преобразующая запись ИКО Юрайт
e Правила каталог. RCR
041 Код языка издания __
a Код языка текста rus
044 Код страны публикации __
a Код страны публикации RU
080 Индекс УДК __
a Индекс УДК 619:615.9(075.8)
084 Индекс другой классификации/Индекс ББК __
2 Источник индекса rubbk
a Индекс другой классификации/Индекс ББК 48я73
100 Автор __
a Автор Ананьев Л. Ю.
q Полное имя Ананьев Лев Юрьевич
245 Заглавие __
a Заглавие Ветеринарная токсикология
b Продолж. заглавия учебник для вузов
c Ответственность Л. Ю. Ананьев [и др.] ; под редакцией Л. А. Смирновой.
250 Сведения об издании __
g пер. и доп
a Основные сведения об издании 2-е изд.
256 Характеристики компьютерного файла __
a Характеристики компьютерного файла Электрон. дан.
260 Выходные данные __
a Место издания Москва
b Издательство Юрайт
c Дата издания 2025
300 Физическое описание __
a Объем 299 с
440 Серия __
a Серия Высшее образование
500 Примечания __
a Примечание URL: https://urait.ru/bcode/565677 (дата обращения: 29.04.2026).
520 Аннотация __
a Аннотация Предлагаемый курс содержит материалы по общей и частной ветеринарной токсикологии. Представлена характеристика токсических веществ, их воздействия на организмы и методов диагностики, а также подробные сведения о различных видах токсикозов, возникающих у домашних животных: химических и кормовых, фитотоксикозах и микотоксикозах, поражениях ядами животного происхождения и отравляющими веществами, а также пилохлорированными бифенилами и хлордиоксинами. Приведены методы диагностирования, лечения и профилактики отравлений, содержатся рекомендации по проведению ветеринарно-санитарной экспертизы.
538 Прим. о системных особенностях __
a Прим. о системных особенностях Режим доступа: Электронно-библиотечная система Юрайт, для авториз. пользователей
653 Ключевые слова __
a Ключевые слова Ветеринария
653 Ключевые слова __
a Ключевые слова Сельскохозяйственные науки
653 Ключевые слова __
a Ключевые слова Ветеринарно-санитарная экспертиза с основами технологии стандартизации продуктов животноводства
653 Ключевые слова __
a Ключевые слова Патологическая анатомия, секционный курс и судебно-ветеринарная экспертиза
653 Ключевые слова __
a Ключевые слова Ветеринарно-санитарная экспертиза
653 Ключевые слова __
a Ключевые слова Основы токсикологии
653 Ключевые слова __
a Ключевые слова Производственный ветеринарно-санитарный контроль
653 Ключевые слова __
a Ключевые слова Современные проблемы ветеринарно-санитарной экспертизы
653 Ключевые слова __
a Ключевые слова Судебная ветеринарная экспертиза
653 Ключевые слова __
a Ключевые слова Токсикология
653 Ключевые слова __
a Ключевые слова Судебная ветеринарно-санитарная экспертиза
653 Ключевые слова __
a Ключевые слова Методики ветеринарно-санитарной экспертизы продуктов и сырья животного происхождения
653 Ключевые слова __
a Ключевые слова Методики проведения зоогигиенических, профилактических и ветеринарно-санитарных мероприятий
653 Ключевые слова __
a Ключевые слова Ветеринарная токсикология
653 Ключевые слова __
a Ключевые слова Ветеринарно-санитарная экспертиза мясных продуктов, рыбы
653 Ключевые слова __
a Ключевые слова Ветеринарно-санитарная экспертиза рыбы и рыбных изделий
653 Ключевые слова __
a Ключевые слова Осуществление зоогигиенических, профилактических и ветеринарно-санитарных мероприятий
653 Ключевые слова __
a Ключевые слова Участие в проведении ветеринарно-санитарной экспертизы продуктов и сырья животного происхождения
653 Ключевые слова __
a Ключевые слова Патологическая анатомия и судебно-ветеринарная экспертиза
653 Ключевые слова __
a Ключевые слова Ветеринарно-санитарный контроль на перерабатывающих предприятиях
653 Ключевые слова __
a Ключевые слова Ветеринарно-санитарный контроль на рынках
653 Ключевые слова __
a Ключевые слова Ветеринарно-санитарный контроль на таможне и транспорте
653 Ключевые слова __
a Ключевые слова Ветеринарно-санитарный контроль при переработке аквакультуры
653 Ключевые слова __
a Ключевые слова Ветеринарно-санитарный контроль при производстве ветеринарных препаратов
653 Ключевые слова __
a Ключевые слова Ветеринарно-санитарный контроль при экспорте и импорте сельскохозяйственных животных
653 Ключевые слова __
a Ключевые слова Ветеринарно-санитарный контроль при экспортно-импортных операциях
653 Ключевые слова __
a Ключевые слова Судебная ветеринарно-санитарная экспертиза и методики вскрытия
653 Ключевые слова __
a Ключевые слова Патологическая анатомия животных и судебно-ветеринарная экспертиза
653 Ключевые слова __
a Ключевые слова Ветеринарно-санитарная и судебная экспертиза
653 Ключевые слова __
a Ключевые слова Ветеринарно-санитарная экспертиза на рынках
653 Ключевые слова __
a Ключевые слова Ветеринарно-санитарная экспертиза продуктов животного происхождения при инвазионных болезнях общих для человека и животных
653 Ключевые слова __
a Ключевые слова Ветеринарно-санитарная экспертиза продуктов животного происхождения при инфекционных болезнях общих для человека и животных
653 Ключевые слова __
a Ключевые слова Ветеринарно-санитарная экспертиза продуктов птицеводства
653 Ключевые слова __
a Ключевые слова Ветеринарно-санитарная экспертиза продуктов растениеводства
653 Ключевые слова __
a Ключевые слова Ветеринарно-санитарный контроль качества сырья животного и растительного происхождения
653 Ключевые слова __
a Ключевые слова Информационные технологии в ветеринарно-санитарной экспертизе
653 Ключевые слова __
a Ключевые слова История и методология ветеринарно-санитарной экспертизы
653 Ключевые слова __
a Ключевые слова Лабораторные методы исследований в ветеринарно-санитарной экспертизе
653 Ключевые слова __
a Ключевые слова Нормативно-правовые основы деятельности в области ветеринарно-санитарной экспертизы и подтверждение соответствия продукции животного и растительного происхождения
653 Ключевые слова __
a Ключевые слова Нормативно-правовые основы деятельности ветеринарно-санитарного эксперта
653 Ключевые слова __
a Ключевые слова Основы научных исследований в ветеринарно-санитарной экспертизе
653 Ключевые слова __
a Ключевые слова Основы организации ветеринарно-санитарного дела
653 Ключевые слова __
a Ключевые слова Планирование, делопроизводство, учет и отчетность в ветеринарно-санитарной экспертизе
653 Ключевые слова __
a Ключевые слова Современные технические средства и технологии в ветеринарно-санитарной экспертизе
653 Ключевые слова __
a Ключевые слова Экономика и менеджмент ветеринарно-санитарной экспертизы
653 Ключевые слова __
a Ключевые слова Основы ветеринарии и ветеринарно-санитарной экспертизы
653 Ключевые слова __
a Ключевые слова Ветеринарно-санитарная экспертиза мяса диких промысловых животных и пернатой дичи
653 Ключевые слова __
a Ключевые слова Ветеринарно-санитарная экспертиза на продовольственных рынках
653 Ключевые слова __
a Ключевые слова Ветеринарно-санитарная экспертиза товаров
653 Ключевые слова __
a Ключевые слова Ветеринарно-санитарный надзор на объектах Россельхознадзора
653 Ключевые слова __
a Ключевые слова Ветеринарно-санитарная экспертиза гидробионтов
653 Ключевые слова __
a Ключевые слова Ветеринарно-санитарная экспертиза меда, яиц, молока и молочной продукции
653 Ключевые слова __
a Ключевые слова Ветеринарно-санитарная экспертиза мяса и мясной продукции
653 Ключевые слова __
a Ключевые слова Секционный курс и судебно-ветеринарная экспертиза
653 Ключевые слова __
a Ключевые слова Ветеринарно- санитарная экспертиза мяса и мясных продуктов
653 Ключевые слова __
a Ключевые слова Ветеринарно-санитарный контроль мясопродуктов
653 Ключевые слова __
a Ключевые слова Ветеринарно-санитарные требования при содержании и болезнях кроликов, нутрий, промысловых животных и птиц
653 Ключевые слова __
a Ключевые слова Ветеринарно-санитарные требования при содержании и болезнях лошадей
653 Ключевые слова __
a Ключевые слова Ветеринарно-санитарные требования при содержании и болезнях мелкого рогатого скота
653 Ключевые слова __
a Ключевые слова Ветеринарно-санитарные требования при содержании и болезнях птиц
653 Ключевые слова __
a Ключевые слова Ветеринарно-санитарные требования при содержании и болезнях пчел
653 Ключевые слова __
a Ключевые слова Ветеринарно-санитарные требования при содержании и болезнях рыб и гидробионтов
653 Ключевые слова __
a Ключевые слова Государственный ветеринарно-санитарный контроль при импортно-экспортных перевозках
653 Ключевые слова __
a Ключевые слова Патоморфологические исследования при ветеринарно-санитарной экспертизе
653 Ключевые слова __
a Ключевые слова Ветеринарно-санитарная экспертиза на таможне
653 Ключевые слова __
a Ключевые слова Ветеринарно-санитарная экспертиза на таможне и транспорте
653 Ключевые слова __
a Ключевые слова Ветеринарно-санитарная экспертиза рыбы и других гидробионтов
653 Ключевые слова __
a Ключевые слова Судебно-ветеринарная экспертиза
653 Ключевые слова __
a Ключевые слова Ветеринарно-санитарная экспертиза кормов и кормовых добавок
653 Ключевые слова __
a Ключевые слова Ветеринарно-санитарный контроль на границе и транспорте
653 Ключевые слова __
a Ключевые слова Ветеринарно-санитарный контроль на таможенных терминалах
653 Ключевые слова __
a Ключевые слова Ветеринарно-санитарный контроль продукции птицеводства
653 Ключевые слова __
a Ключевые слова Ветеринарно-санитарный контроль продукции свиноводства
653 Ключевые слова __
a Ключевые слова Ветеринарно-санитарный мониторинг и сертификация животноводческой продукции
653 Ключевые слова __
a Ключевые слова Организация государственного ветеринарно-санитарного надзора
653 Ключевые слова __
a Ключевые слова Ветеринарно-санитарная экспертиза продуктов растениеводства и меда
653 Ключевые слова __
a Ключевые слова История и методология ветеринарно-санитарной и судебной экспертизы
653 Ключевые слова __
a Ключевые слова Паразитология с основами токсикологии
653 Ключевые слова __
a Ключевые слова Ветеринарно-санитарная безопасность сырья и продуктов животного, растительного происхождения и гидробионтов
653 Ключевые слова __
a Ключевые слова Ветеринарно-санитарная экспертиза и идентификация сырья и производства продуктов животного, растительного происхождения и гидробионтов
653 Ключевые слова __
a Ключевые слова Ветеринарно-санитарная экспертиза сырья и продуктов животного происхождения
653 Ключевые слова __
a Ключевые слова Методы и методики ветеринарно-санитарной экспертизы
653 Ключевые слова __
a Ключевые слова Нормативное и правовое регулирование в сфере государственного ветеринарно-санитарного контроля
653 Ключевые слова __
a Ключевые слова Основы ветеринарно-санитарной экспертизы и специальная терминология
653 Ключевые слова __
a Ключевые слова Ветеринарно-санитарная экспертиза и биологическая безопасность пищевого сырья и продукции
653 Ключевые слова __
a Ключевые слова Ветеринарно-санитарная экспертиза и товарная оценка рыбы и рыбных продуктов
653 Ключевые слова __
a Ключевые слова Ветеринарно-санитарная экспертиза кормов
653 Ключевые слова __
a Ключевые слова Ветеринарно-санитарная экспертиза продуктов при импорте-экспорте
653 Ключевые слова __
a Ключевые слова Ветеринарно-санитарная экспертиза продуктов пчеловодства и птицеводства
653 Ключевые слова __
a Ключевые слова Ветеринарно-санитарная экспертиза продуктов убоя птицы
653 Ключевые слова __
a Ключевые слова Ветеринарно-санитарная экспертиза продуктов убоя экзотических животных
653 Ключевые слова __
a Ключевые слова Ветеринарно-санитарная экспертиза промысловых животных
653 Ключевые слова __
a Ключевые слова Ветеринарно-санитарные меры и оформление документов
653 Ключевые слова __
a Ключевые слова Ветеринарно-санитарный контроль при импорте-экспорте
653 Ключевые слова __
a Ключевые слова Организация ветеринарно-санитарных лабораторий
653 Ключевые слова __
a Ключевые слова Стандартизация и метрология в ветеринарно-санитарной экспертизе
653 Ключевые слова __
a Ключевые слова Ветеринарно-санитарная экспертиза продуктов пушного звероводства
653 Ключевые слова __
a Ключевые слова Методика преподавания дисциплин различного уровня подготовки по профилю ветеринарно-санитарной экспертизы
653 Ключевые слова __
a Ключевые слова Ветеринарная экспертиза
700 Другие авторы __
a Другие авторы Смирнова Л. А.
q Полное имя Смирнова Людмила Алексеевна
700 Другие авторы __
a Другие авторы Жуленко В. Н.
q Полное имя Жуленко Василий Николаевич
700 Другие авторы __
a Другие авторы Таланов Г. А.
q Полное имя Таланов Герман Александрович
700 Другие авторы __
a Другие авторы Цвирко И. П.
q Полное имя Цвирко Иосиф Павлович
856 Электронный адрес документа 40
n Местонахождение сервера Юрайт
g Электронная книга
q Тип электронного формата html
h Имя пользователя ЮРАЙТ
v Часы доступа к ресурсу 20271231
2 Способ доступа Показать документ
x Служебное примечание https://urait.ru/book/cover/A8422505-668E-4AEC-976F-D2ACF39317DA
u URL https://urait.ru/bcode/565677
856 Электронный адрес документа 48
q Тип электронного формата cover
u URL https://urait.ru/book/cover/A8422505-668E-4AEC-976F-D2ACF39317DA
911 __
u 0030=https://urait.ru/bcode/565677
911 __
u 073a=9785534128093
u 073d=2039.00
911 __
u 106a=s
911 __
u 900l=
952 Тип литературы __
i Дисциплина Ветеринарно-санитарная экспертиза с основами технологии стандартизации продуктов животноводства
952 Тип литературы __
i Дисциплина Патологическая анатомия, секционный курс и судебно-ветеринарная экспертиза
952 Тип литературы __
i Дисциплина Ветеринарно-санитарная экспертиза
952 Тип литературы __
i Дисциплина Основы токсикологии
952 Тип литературы __
i Дисциплина Производственный ветеринарно-санитарный контроль
952 Тип литературы __
i Дисциплина Современные проблемы ветеринарно-санитарной экспертизы
952 Тип литературы __
i Дисциплина Судебная ветеринарная экспертиза
952 Тип литературы __
i Дисциплина Токсикология
952 Тип литературы __
i Дисциплина Судебная ветеринарно-санитарная экспертиза
952 Тип литературы __
i Дисциплина Методики ветеринарно-санитарной экспертизы продуктов и сырья животного происхождения
952 Тип литературы __
i Дисциплина Методики проведения зоогигиенических, профилактических и ветеринарно-санитарных мероприятий
952 Тип литературы __
i Дисциплина Ветеринарная токсикология
952 Тип литературы __
i Дисциплина Ветеринарно-санитарная экспертиза мясных продуктов, рыбы
952 Тип литературы __
i Дисциплина Ветеринарно-санитарная экспертиза рыбы и рыбных изделий
952 Тип литературы __
i Дисциплина Осуществление зоогигиенических, профилактических и ветеринарно-санитарных мероприятий
952 Тип литературы __
i Дисциплина Участие в проведении ветеринарно-санитарной экспертизы продуктов и сырья животного происхождения
952 Тип литературы __
i Дисциплина Патологическая анатомия и судебно-ветеринарная экспертиза
952 Тип литературы __
i Дисциплина Ветеринарно-санитарный контроль на перерабатывающих предприятиях
952 Тип литературы __
i Дисциплина Ветеринарно-санитарный контроль на рынках
952 Тип литературы __
i Дисциплина Ветеринарно-санитарный контроль на таможне и транспорте
952 Тип литературы __
i Дисциплина Ветеринарно-санитарный контроль при переработке аквакультуры
952 Тип литературы __
i Дисциплина Ветеринарно-санитарный контроль при производстве ветеринарных препаратов
952 Тип литературы __
i Дисциплина Ветеринарно-санитарный контроль при экспорте и импорте сельскохозяйственных животных
952 Тип литературы __
i Дисциплина Ветеринарно-санитарный контроль при экспортно-импортных операциях
952 Тип литературы __
i Дисциплина Судебная ветеринарно-санитарная экспертиза и методики вскрытия
952 Тип литературы __
i Дисциплина Патологическая анатомия животных и судебно-ветеринарная экспертиза
952 Тип литературы __
i Дисциплина Ветеринарно-санитарная и судебная экспертиза
952 Тип литературы __
i Дисциплина Ветеринарно-санитарная экспертиза на рынках
952 Тип литературы __
i Дисциплина Ветеринарно-санитарная экспертиза продуктов животного происхождения при инвазионных болезнях общих для человека и животных
952 Тип литературы __
i Дисциплина Ветеринарно-санитарная экспертиза продуктов животного происхождения при инфекционных болезнях общих для человека и животных
952 Тип литературы __
i Дисциплина Ветеринарно-санитарная экспертиза продуктов птицеводства
952 Тип литературы __
i Дисциплина Ветеринарно-санитарная экспертиза продуктов растениеводства
952 Тип литературы __
i Дисциплина Ветеринарно-санитарный контроль качества сырья животного и растительного происхождения
952 Тип литературы __
i Дисциплина Информационные технологии в ветеринарно-санитарной экспертизе
952 Тип литературы __
i Дисциплина История и методология ветеринарно-санитарной экспертизы
952 Тип литературы __
i Дисциплина Лабораторные методы исследований в ветеринарно-санитарной экспертизе
952 Тип литературы __
i Дисциплина Нормативно-правовые основы деятельности в области ветеринарно-санитарной экспертизы и подтверждение соответствия продукции животного и растительного происхождения
952 Тип литературы __
i Дисциплина Нормативно-правовые основы деятельности ветеринарно-санитарного эксперта
952 Тип литературы __
i Дисциплина Основы научных исследований в ветеринарно-санитарной экспертизе
952 Тип литературы __
i Дисциплина Основы организации ветеринарно-санитарного дела
952 Тип литературы __
i Дисциплина Планирование, делопроизводство, учет и отчетность в ветеринарно-санитарной экспертизе
952 Тип литературы __
i Дисциплина Современные технические средства и технологии в ветеринарно-санитарной экспертизе
952 Тип литературы __
i Дисциплина Экономика и менеджмент ветеринарно-санитарной экспертизы
952 Тип литературы __
i Дисциплина Основы ветеринарии и ветеринарно-санитарной экспертизы
952 Тип литературы __
i Дисциплина Ветеринарно-санитарная экспертиза мяса диких промысловых животных и пернатой дичи
952 Тип литературы __
i Дисциплина Ветеринарно-санитарная экспертиза на продовольственных рынках
952 Тип литературы __
i Дисциплина Ветеринарно-санитарная экспертиза товаров
952 Тип литературы __
i Дисциплина Ветеринарно-санитарный надзор на объектах Россельхознадзора
952 Тип литературы __
i Дисциплина Ветеринарно-санитарная экспертиза гидробионтов
952 Тип литературы __
i Дисциплина Ветеринарно-санитарная экспертиза меда, яиц, молока и молочной продукции
952 Тип литературы __
i Дисциплина Ветеринарно-санитарная экспертиза мяса и мясной продукции
952 Тип литературы __
i Дисциплина Секционный курс и судебно-ветеринарная экспертиза
952 Тип литературы __
i Дисциплина Ветеринарно- санитарная экспертиза мяса и мясных продуктов
952 Тип литературы __
i Дисциплина Ветеринарно-санитарный контроль мясопродуктов
952 Тип литературы __
i Дисциплина Ветеринарно-санитарные требования при содержании и болезнях кроликов, нутрий, промысловых животных и птиц
952 Тип литературы __
i Дисциплина Ветеринарно-санитарные требования при содержании и болезнях лошадей
952 Тип литературы __
i Дисциплина Ветеринарно-санитарные требования при содержании и болезнях мелкого рогатого скота
952 Тип литературы __
i Дисциплина Ветеринарно-санитарные требования при содержании и болезнях птиц
952 Тип литературы __
i Дисциплина Ветеринарно-санитарные требования при содержании и болезнях пчел
952 Тип литературы __
i Дисциплина Ветеринарно-санитарные требования при содержании и болезнях рыб и гидробионтов
952 Тип литературы __
i Дисциплина Государственный ветеринарно-санитарный контроль при импортно-экспортных перевозках
952 Тип литературы __
i Дисциплина Патоморфологические исследования при ветеринарно-санитарной экспертизе
952 Тип литературы __
i Дисциплина Ветеринарно-санитарная экспертиза на таможне
952 Тип литературы __
i Дисциплина Ветеринарно-санитарная экспертиза на таможне и транспорте
952 Тип литературы __
i Дисциплина Ветеринарно-санитарная экспертиза рыбы и других гидробионтов
952 Тип литературы __
i Дисциплина Судебно-ветеринарная экспертиза
952 Тип литературы __
i Дисциплина Ветеринарно-санитарная экспертиза кормов и кормовых добавок
952 Тип литературы __
i Дисциплина Ветеринарно-санитарный контроль на границе и транспорте
952 Тип литературы __
i Дисциплина Ветеринарно-санитарный контроль на таможенных терминалах
952 Тип литературы __
i Дисциплина Ветеринарно-санитарный контроль продукции птицеводства
952 Тип литературы __
i Дисциплина Ветеринарно-санитарный контроль продукции свиноводства
952 Тип литературы __
i Дисциплина Ветеринарно-санитарный мониторинг и сертификация животноводческой продукции
952 Тип литературы __
i Дисциплина Организация государственного ветеринарно-санитарного надзора
952 Тип литературы __
i Дисциплина Ветеринарно-санитарная экспертиза продуктов растениеводства и меда
952 Тип литературы __
i Дисциплина История и методология ветеринарно-санитарной и судебной экспертизы
952 Тип литературы __
i Дисциплина Паразитология с основами токсикологии
952 Тип литературы __
i Дисциплина Ветеринарно-санитарная безопасность сырья и продуктов животного, растительного происхождения и гидробионтов
952 Тип литературы __
i Дисциплина Ветеринарно-санитарная экспертиза и идентификация сырья и производства продуктов животного, растительного происхождения и гидробионтов
952 Тип литературы __
i Дисциплина Ветеринарно-санитарная экспертиза сырья и продуктов животного происхождения
952 Тип литературы __
i Дисциплина Методы и методики ветеринарно-санитарной экспертизы
952 Тип литературы __
i Дисциплина Нормативное и правовое регулирование в сфере государственного ветеринарно-санитарного контроля
952 Тип литературы __
i Дисциплина Основы ветеринарно-санитарной экспертизы и специальная терминология
952 Тип литературы __
i Дисциплина Ветеринарно-санитарная экспертиза и биологическая безопасность пищевого сырья и продукции
952 Тип литературы __
i Дисциплина Ветеринарно-санитарная экспертиза и товарная оценка рыбы и рыбных продуктов
952 Тип литературы __
i Дисциплина Ветеринарно-санитарная экспертиза кормов
952 Тип литературы __
i Дисциплина Ветеринарно-санитарная экспертиза продуктов при импорте-экспорте
952 Тип литературы __
i Дисциплина Ветеринарно-санитарная экспертиза продуктов пчеловодства и птицеводства
952 Тип литературы __
i Дисциплина Ветеринарно-санитарная экспертиза продуктов убоя птицы
952 Тип литературы __
i Дисциплина Ветеринарно-санитарная экспертиза продуктов убоя экзотических животных
952 Тип литературы __
i Дисциплина Ветеринарно-санитарная экспертиза промысловых животных
952 Тип литературы __
i Дисциплина Ветеринарно-санитарные меры и оформление документов
952 Тип литературы __
i Дисциплина Ветеринарно-санитарный контроль при импорте-экспорте
952 Тип литературы __
i Дисциплина Организация ветеринарно-санитарных лабораторий
952 Тип литературы __
i Дисциплина Стандартизация и метрология в ветеринарно-санитарной экспертизе
952 Тип литературы __
i Дисциплина Ветеринарно-санитарная экспертиза продуктов пушного звероводства
952 Тип литературы __
i Дисциплина Методика преподавания дисциплин различного уровня подготовки по профилю ветеринарно-санитарной экспертизы
952 Тип литературы __
i Дисциплина Ветеринарная экспертиза